000 00833cam a2200253 a 4500
001 16238809
005 20260420145809.0
008 100517s2011 nju b 001 0 eng
020 _a9780205804962
020 _a0205804969
050 0 0 _aBF637.C6
_bB26 2011
082 0 0 _a158/.307155
_222
100 1 _aBaird, Brian N.,
_d1956-
245 1 4 _aThe internship, practicum, and field placement handbook :
_ba guide for the helping professions /
_cBrian N. Baird.
250 _a5th ed.
260 _aUpper Saddle River, NJ :
_bPrentice Hall,
_cc2008.
300 _axii, 252 p. :
_c28 cm.
650 0 _aCounseling
_xStudy and teaching.
650 0 _aSocial work education.
650 0 _aCounselors
_xTraining of.
650 0 _aHuman services personnel
_xTraining of.
650 0 _aInternship programs.
942 _2lcc
_cBK
_e5th edi
_n0
999 _c9294
_d9294